000
00281nam a2200109Ia 4500
008
201217s9999 xx 000 0 und d
100
_a
Bayly, C A (Ed.)
245
3
_a
An illustratewd History of Modern India 1600 - 1947
260
_a
Bombay
_b
Pearson
300
_a
431
942
_c
BK
999
_c
8150
_d
8150